[Event "28th CRO-chT 1B-Men 2019"]
[Site "Mali Losinj"]
[Date "2019.10.06"]
[Round "9.23"]
[White "Vernacki, Srdjan"]
[Black "Levacic, Patrick"]
[Result "1/2-1/2"]
[WhiteElo "2318"]
[BlackElo "2245"]
[Annotator "TA"]
[PlyCount "42"]
[EventDate "2019.09.28"]
[EventType "team-tourn"]
[EventCountry "CRO"]
[SourceTitle "playchess.com"]
[Source "ChessBase"]
[SourceQuality "1"]

{[%evp 12,42,-9,-21,8,0,9,0,9,-20,0,0,0,0,11,0,6,0,0,15,35,27,64,57,68,29,56,43,79,24,25,31,65]} 1. Nf3 Nf6 2. c4 g6 3. b3 Bg7 4. Bb2 O-O 5. e3 d6 6. Be2 e5 7. d3 Nbd7 {[%cal Bb8d7,Bd7f8,Bf8g6][%mdl 32] A15: English Opening: 1...Nf6} (7... Nc6 8. O-O Ng4 9. Nfd2 f5 10. Bxg4 fxg4 11. Ne4 Qh4 12. Nbc3 Be6 13. Rc1 Rf5 14. Ng3 Rf7 15. a3 Raf8 16. Nd5 {0-1 (45) Delgado Ramirez,N (2619)-Flores,D (2608) Buenos Aires 2010}) 8. O-O Re8 9. Nc3 Nf8 {The position is equal.} 10. Ne4 $146 ({Predecessor:} 10. Rc1 h6 11. b4 Be6 12. a4 N6d7 13. d4 f5 14. d5 Bf7 {0-1 (41) Langaditis,S-Michalek,C (2230) Germany 1993}) 10... N6d7 11. Qc2 f5 12. Nc3 g5 13. Rfe1 Ng6 (13... g4 $5 14. Nd2 $8 Ne6 $11) 14. b4 Ndf8 (14... g4 $5 15. Nd2 $8 Rf8 $11) 15. Nd2 Be6 16. Nb3 f4 17. d4 g4 18. g3 h5 19. Bd3 Qg5 20. Ne4 ({White should play} 20. Nb5 $16 {exf4 is the strong threat.} fxg3 21. Nxc7 (21. hxg3 Re7 $16) 21... gxh2+ 22. Kh1 (22. Kxh2 Nh4 $11)) 20... Qh6 $1 $11 21. d5 Bf7 {Accuracy: White = 51%, Black = 44%.} 1/2-1/2

[Event "28th CRO-chT 1B-Men 2019"]
[Site "Mali Losinj"]
[Date "2019.10.06"]
[Round "9.24"]
[White "Brnas, Augustin"]
[Black "Tomasic, Roland"]
[Result "0-1"]
[WhiteElo "2200"]
[BlackElo "2111"]
[Annotator "ChessBase"]
[PlyCount "88"]
[EventDate "2019.09.28"]
[EventType "team-tourn"]
[EventCountry "CRO"]
[SourceTitle "playchess.com"]
[Source "ChessBase"]
[SourceQuality "1"]
[TimeControl "40/5400+30:1800+30"]

1. e4 {[%emt 0:00:30]} c5 {[%emt 0:00:30]} 2. Nf3 {[%emt 0:00:30]} d6 {[%emt 0:00:00]} 3. d4 {[%emt 0:01:30]} cxd4 {[%emt 0:00:00]} 4. Nxd4 {[%emt 0:00:00]} Nf6 {[%emt 0:00:00]} 5. Nc3 {[%emt 0:02:00]} e6 {[%emt 0:00:00]} 6. Be2 {[%emt 0:00:30]} Nc6 {[%emt 0:00:30]} 7. Be3 {[%emt 0:01:30]} Be7 {[%emt 0:00:00]} 8. Qd2 {[%emt 0:01:30]} a6 {[%emt 0:01:00]} 9. f3 {[%emt 0:01:30]} Qc7 {[%emt 0:02:30]} 10. O-O {[%emt 0:09:30]} O-O {[%emt 0:00:30]} 11. Kh1 {[%emt 0:13:30]} b5 {[%emt 0:01:30]} 12. a3 {[%emt 0:00:30]} Ne5 {[%emt 0:03:30]} 13. b3 {[%emt 0:04:30]} Bb7 {[%emt 0:06:30]} 14. Bd1 {[%emt 0:02:30]} Rac8 {[%emt 0:00:30]} 15. Nde2 {[%emt 0:02:30]} d5 {[%emt 0:13:30]} 16. exd5 {[%emt 0:03:30]} Nxd5 {[%emt 0:00:30]} 17. Nxd5 {[%emt 0:00:30]} Bxd5 {[%emt 0:00:30]} 18. Nf4 {[%emt 0:01:30]} Bb7 {[%emt 0:00:30]} 19. Qf2 {[%emt 0:02:30]} Ng6 {[%emt 0:01:30]} 20. Nd3 {[%emt 0:04:30]} Bh4 {[%emt 0:09:30]} 21. Qg1 {[%emt 0:01:30]} Bf6 {[%emt 0:01:30]} 22. Ra2 {[%emt 0:00:30]} Be7 {[%emt 0:00:30]} 23. Be2 {[%emt 0:00:30]} e5 {[%emt 0:00:30]} 24. Nb4 {[%emt 0:09:30]} Qc3 {[%emt 0:02:30]} 25. Nd3 {[%emt 0:04:30]} Rfd8 {[%emt 0:06:30]} 26. Rd1 {[%emt 0:04:30]} e4 {[%emt 0:01:30]} 27. fxe4 {[%emt 0:00:30]} Bxe4 {[%emt 0:00:30]} 28. Bd2 {[%emt 0:05:30]} Qc6 {[%emt 0:04:30]} 29. Ne1 {[%emt 0:00:30]} Nh4 {[%emt 0:05:30]} 30. c4 {[%emt 0:01:30]} Rd6 {[%emt 0:12:30]} 31. cxb5 {[%emt 0:02:25]} Qa8 {[%emt 0:02:30]} 32. Be3 {[%emt 0:02:41]} Rxd1 {[%emt 0:09:49]} 33. Bxd1 {[%emt 0:00:09]} axb5 {[%emt 0:00:08]} 34. Qf2 {[%emt 0:01:44]} Rc6 {[%emt 0:05:57]} 35. a4 {[%emt 0:05:47]} Rf6 {[%emt 0:04:45]} 36. Qe2 {[%emt 0:00:18]} Qd5 {[%emt 0:04:06]} 37. Rd2 {[%emt 0:04:04]} Qf5 {[%emt 0:00:56]} 38. Kg1 {[%emt 0:00:30]} h6 {[%emt 0:00:42]} 39. Qxb5 {[%emt 0:02:48]} Qe6 {[%emt 0:00:01]} 40. Rd4 {[%emt 0:00:00]} Nf5 {[%emt 0:00:00]} 41. Bg4 {[%emt 0:02:04]} Bc6 {[%emt 0:05:36]} 42. Qb8+ {[%emt 0:00:00]} Kh7 {[%emt 0:00:00]} 43. Bf2 {[%emt 0:00:00]} Bc5 {[%emt 0:01:00]} 44. Nf3 {[%emt 0:00:30]} Bxf3 {[%emt 0:00:30]} 0-1

[Event "28th CRO-chT 1B-Men 2019"]
[Site "Mali Losinj"]
[Date "2019.10.06"]
[Round "9.25"]
[White "Vavulin, Maxim"]
[Black "Ivic, Velimir"]
[Result "1-0"]
[WhiteElo "2550"]
[BlackElo "2525"]
[Annotator "ChessBase"]
[PlyCount "83"]
[EventDate "2019.09.28"]
[EventType "team-tourn"]
[EventCountry "CRO"]
[SourceTitle "playchess.com"]
[Source "ChessBase"]
[SourceQuality "1"]
[TimeControl "40/5400+30:1800+30"]

1. e4 {[%emt 0:00:30]} c5 {[%emt 0:00:30]} 2. Nf3 {[%emt 0:00:00]} d6 {[%emt 0:00:00]} 3. d4 {[%emt 0:00:00]} cxd4 {[%emt 0:00:00]} 4. Nxd4 {[%emt 0:00:00]} Nf6 {[%emt 0:00:00]} 5. Nc3 {[%emt 0:00:00]} a6 {[%emt 0:00:00]} 6. Nb3 {[%emt 0:00:30]} g6 {[%emt 0:01:30]} 7. Be2 {[%emt 0:01:30]} Bg7 {[%emt 0:00:30]} 8. Be3 {[%emt 0:00:00]} Nc6 {[%emt 0:01:30]} 9. Nd5 {[%emt 0:00:00]} Nd7 {[%emt 0:12:30]} 10. Bg4 {[%emt 0:18:30]} O-O {[%emt 0:11:30]} 11. Bxd7 {[%emt 0:02:30]} Bxd7 {[%emt 0:00:30]} 12. Bb6 {[%emt 0:00:30]} Qc8 {[%emt 0:01:30]} 13. Bd4 {[%emt 0:09:30]} Bxd4 {[%emt 0:07:30]} 14. Nxd4 {[%emt 0:00:00]} Qd8 {[%emt 0:00:00]} 15. Qd2 {[%emt 0:01:00]} Rc8 {[%emt 0:14:00]} 16. O-O-O {[%emt 0:00:30]} Nxd4 {[%emt 0:05:30]} 17. Qxd4 {[%emt 0:00:30]} Be6 {[%emt 0:00:30]} 18. Rhe1 {[%emt 0:19:30]} b5 {[%emt 0:03:30]} 19. Kb1 {[%emt 0:02:30]} Rc4 {[%emt 0:03:30]} 20. Qa7 {[%emt 0:12:30]} Bxd5 {[%emt 0:03:30]} 21. exd5 {[%emt 0:00:30]} Qc8 {[%emt 0:00:30]} 22. Rd2 {[%emt 0:08:30]} Rc7 {[%emt 0:01:30]} 23. Qb6 {[%emt 0:02:30]} Qb7 {[%emt 0:04:30]} 24. Qe3 {[%emt 0:00:30]} Qc8 {[%emt 0:10:35]} 25. Qg5 {[%emt 0:02:12]} Re8 {[%emt 0:02:03]} 26. Re3 {[%emt 0:02:26]} e5 {[%emt 0:02:08]} 27. dxe6 {[%emt 0:00:46]} Rxe6 {[%emt 0:00:02]} 28. Rxe6 {[%emt 0:05:31]} Qxe6 {[%emt 0:00:08]} 29. Qd8+ {[%emt 0:00:15]} Kg7 {[%emt 0:00:03]} 30. Qxd6 {[%emt 0:00:13]} Qe1+ {[%emt 0:08:48]} 31. Rd1 {[%emt 0:00:01]} Qe2 {[%emt 0:00:18]} 32. Qd2 {[%emt 0:02:32]} Qe7 {[%emt 0:04:44]} 33. Qd4+ {[%emt 0:01:53]} f6 {[%emt 0:00:43]} 34. Qd6 {[%emt 0:02:00]} Qf7 {[%emt 0:01:04]} 35. b3 {[%emt 0:03:43]} Ra7 {[%emt 0:00:59]} 36. Rd3 {[%emt 0:01:47]} a5 {[%emt 0:00:47]} 37. Qd5 {[%emt 0:01:31]} Qe7 {[%emt 0:01:02]} 38. Re3 {[%emt 0:00:48]} Qb4 {[%emt 0:00:34]} 39. Re4 {[%emt 0:00:33]} Qc3 {[%emt 0:00:31]} 40. Qxb5 {[%emt 0:00:00]} Rc7 {[%emt 0:00:00]} 41. Qd3 {[%emt 0:04:19]} Qc6 {[%emt 0:02:31]} 42. Rc4 {[%emt 0:00:30]} 1-0

[Event "28th CRO-chT 1B-Men 2019"]
[Site "Mali Losinj"]
[Date "2019.10.06"]
[Round "9.26"]
[White "Doric, Darko"]
[Black "Tratar, Marko"]
[Result "1/2-1/2"]
[WhiteElo "2476"]
[BlackElo "2461"]
[Annotator "ChessBase"]
[PlyCount "20"]
[EventDate "2019.09.28"]
[EventType "team-tourn"]
[EventCountry "CRO"]
[SourceTitle "playchess.com"]
[Source "ChessBase"]
[SourceQuality "1"]
[TimeControl "40/5400+30:1800+30"]

1. d4 {[%emt 0:00:30]} d5 {[%emt 0:00:30]} 2. c4 {[%emt 0:00:00]} e6 {[%emt 0:00:00]} 3. cxd5 {[%emt 0:00:00]} exd5 {[%emt 0:00:00]} 4. Nc3 {[%emt 0:00:00]} Nf6 {[%emt 0:00:00]} 5. Bg5 {[%emt 0:00:00]} Be7 {[%emt 0:00:00]} 6. e3 {[%emt 0:00:30]} Nbd7 {[%emt 0:00:30]} 7. Nf3 {[%emt 0:00:00]} O-O {[%emt 0:00:00]} 8. Be2 {[%emt 0:00:00]} c6 {[%emt 0:00:00]} 9. O-O {[%emt 0:00:00]} Re8 {[%emt 0:00:30]} 10. a3 {[%emt 0:00:00]} a5 {[%emt 0:00:00]} 1/2-1/2

[Event "28th CRO-chT 1B-Men 2019"]
[Site "Mali Losinj"]
[Date "2019.10.06"]
[Round "9.27"]
[White "Fercec, Nenad"]
[Black "Plenkovic, Zdenko"]
[Result "1/2-1/2"]
[WhiteElo "2445"]
[BlackElo "2368"]
[Annotator "ChessBase"]
[PlyCount "88"]
[EventDate "2019.09.28"]
[EventType "team-tourn"]
[EventCountry "CRO"]
[SourceTitle "playchess.com"]
[Source "ChessBase"]
[SourceQuality "1"]
[TimeControl "40/5400+30:1800+30"]

1. e4 {[%emt 0:00:30]} c5 {[%emt 0:00:30]} 2. Nf3 {[%emt 0:00:00]} Nc6 {[%emt 0:00:30]} 3. Bb5 {[%emt 0:00:00]} g6 {[%emt 0:01:30]} 4. c3 {[%emt 0:00:30]} Bg7 {[%emt 0:02:30]} 5. d4 {[%emt 0:00:30]} cxd4 {[%emt 0:06:30]} 6. cxd4 {[%emt 0:00:30]} Nf6 {[%emt 0:12:30]} 7. Nc3 {[%emt 0:05:30]} d5 {[%emt 0:05:30]} 8. Ne5 {[%emt 0:01:30]} O-O {[%emt 0:07:30]} 9. Nxc6 {[%emt 0:03:30]} bxc6 {[%emt 0:00:00]} 10. Bxc6 {[%emt 0:00:30]} Rb8 {[%emt 0:04:00]} 11. e5 {[%emt 0:03:30]} Ne4 {[%emt 0:13:30]} 12. O-O {[%emt 0:04:30]} Nxc3 {[%emt 0:03:30]} 13. bxc3 {[%emt 0:00:00]} Qc7 {[%emt 0:06:30]} 14. Bxd5 {[%emt 0:18:00]} Qxc3 {[%emt 0:02:30]} 15. Be3 {[%emt 0:08:30]} Rd8 {[%emt 0:08:30]} 16. Qf3 {[%emt 0:08:30]} e6 {[%emt 0:00:30]} 17. Rac1 {[%emt 0:00:30]} Qa3 {[%emt 0:02:31]} 18. Rc7 {[%emt 0:02:30]} Rd7 {[%emt 0:01:39]} 19. Rxd7 {[%emt 0:01:30]} Bxd7 {[%emt 0:00:03]} 20. Bc4 {[%emt 0:08:30]} a5 {[%emt 0:04:13]} 21. h4 {[%emt 0:01:30]} Qb4 {[%emt 0:03:39]} 22. Rc1 {[%emt 0:02:30]} Rc8 {[%emt 0:04:05]} 23. Bf1 {[%emt 0:02:30]} Rxc1 {[%emt 0:00:06]} 24. Bxc1 {[%emt 0:00:30]} Bf8 {[%emt 0:00:12]} 25. Qa8 {[%emt 0:00:30]} Kg7 {[%emt 0:00:59]} 26. a3 {[%emt 0:01:30]} Qe7 {[%emt 0:03:50]} 27. g3 {[%emt 0:08:10]} a4 {[%emt 0:00:07]} 28. Bg2 {[%emt 0:00:33]} Bb5 {[%emt 0:03:18]} 29. Bc6 {[%emt 0:01:27]} Bxc6 {[%emt 0:01:41]} 30. Qxc6 {[%emt 0:00:08]} Qa7 {[%emt 0:00:26]} 31. Be3 {[%emt 0:06:21]} Qb8 {[%emt 0:00:47]} 32. Qxa4 {[%emt 0:00:56]} Qb2 {[%emt 0:01:21]} 33. Qd1 {[%emt 0:01:41]} Qxa3 {[%emt 0:00:44]} 34. d5 {[%emt 0:00:12]} exd5 {[%emt 0:00:04]} 35. Qxd5 {[%emt 0:00:09]} Qe7 {[%emt 0:00:19]} 36. Bg5 {[%emt 0:01:52]} Qe8 {[%emt 0:00:06]} 37. h5 {[%emt 0:00:34]} Kg8 {[%emt 0:00:19]} 38. Bf6 {[%emt 0:02:13]} Qc8 {[%emt 0:00:26]} 39. Qf3 {[%emt 0:00:48]} Qe8 {[%emt 0:00:46]} 40. Qf4 {[%emt 0:00:00]} Qc8 {[%emt 0:00:00]} 41. Kh2 {[%emt 0:04:26]} Qc5 {[%emt 0:05:49]} 42. Qf3 {[%emt 0:01:30]} Qc8 {[%emt 0:03:30]} 43. Kg2 {[%emt 0:01:30]} Qe8 {[%emt 0:00:00]} 44. Qe4 {[%emt 0:01:30]} Qc8 {[%emt 0:01:00]} 1/2-1/2

[Event "28th CRO-chT 1B-Men 2019"]
[Site "Mali Losinj"]
[Date "2019.10.06"]
[Round "9.28"]
[White "Muha, Miljenko"]
[Black "Zufic, Miroslav"]
[Result "1/2-1/2"]
[WhiteElo "2322"]
[BlackElo "2367"]
[Annotator "ChessBase"]
[PlyCount "80"]
[EventDate "2019.09.28"]
[EventType "team-tourn"]
[EventCountry "CRO"]
[SourceTitle "playchess.com"]
[Source "ChessBase"]
[SourceQuality "1"]
[TimeControl "40/5400+30:1800+30"]

1. d4 {[%emt 0:00:30]} Nf6 {[%emt 0:00:30]} 2. c4 {[%emt 0:00:00]} g6 {[%emt 0:00:00]} 3. Nc3 {[%emt 0:01:00]} Bg7 {[%emt 0:00:00]} 4. e4 {[%emt 0:01:30]} d6 {[%emt 0:00:30]} 5. Be2 {[%emt 0:01:30]} O-O {[%emt 0:00:00]} 6. Nf3 {[%emt 0:01:30]} e5 {[%emt 0:01:00]} 7. d5 {[%emt 0:04:30]} a5 {[%emt 0:00:30]} 8. Bg5 {[%emt 0:05:30]} h6 {[%emt 0:01:30]} 9. Bh4 {[%emt 0:00:30]} Na6 {[%emt 0:01:30]} 10. Nd2 {[%emt 0:00:30]} Qe8 {[%emt 0:03:30]} 11. O-O {[%emt 0:02:30]} h5 {[%emt 0:04:30]} 12. f3 {[%emt 0:03:30]} Bd7 {[%emt 0:01:30]} 13. Kh1 {[%emt 0:17:30]} Nh7 {[%emt 0:00:30]} 14. Nb3 {[%emt 0:02:30]} b6 {[%emt 0:05:30]} 15. Nc1 {[%emt 0:01:30]} Bf6 {[%emt 0:03:30]} 16. Bxf6 {[%emt 0:07:30]} Nxf6 {[%emt 0:01:30]} 17. Qd2 {[%emt 0:00:30]} Kg7 {[%emt 0:02:30]} 18. b3 {[%emt 0:02:30]} Qe7 {[%emt 0:03:30]} 19. a3 {[%emt 0:00:30]} h4 {[%emt 0:17:30]} 20. Rb1 {[%emt 0:04:30]} Nh5 {[%emt 0:00:30]} 21. Kg1 {[%emt 0:01:30]} Nf4 {[%emt 0:32:28]} 22. Nd3 {[%emt 0:01:30]} Nxe2+ {[%emt 0:00:22]} 23. Nxe2 {[%emt 0:03:30]} Nc5 {[%emt 0:01:22]} 24. Nf2 {[%emt 0:04:30]} a4 {[%emt 0:01:27]} 25. b4 {[%emt 0:00:30]} Nb3 {[%emt 0:00:07]} 26. Qe3 {[%emt 0:00:30]} b5 {[%emt 0:01:43]} 27. cxb5 {[%emt 0:04:30]} Bxb5 {[%emt 0:00:12]} 28. Rfd1 {[%emt 0:00:30]} f5 {[%emt 0:05:15]} 29. exf5 {[%emt 0:02:30]} gxf5 {[%emt 0:02:20]} 30. f4 {[%emt 0:11:39]} Rae8 {[%emt 0:03:48]} 31. Nc3 {[%emt 0:00:44]} Bd7 {[%emt 0:00:14]} 32. fxe5 {[%emt 0:05:35]} dxe5 {[%emt 0:00:01]} 33. d6 {[%emt 0:06:38]} cxd6 {[%emt 0:00:02]} 34. Qb6 {[%emt 0:00:27]} Nd4 {[%emt 0:04:26]} 35. Nd5 {[%emt 0:00:02]} Qg5 {[%emt 0:01:36]} 36. Rxd4 {[%emt 0:01:43]} exd4 {[%emt 0:00:02]} 37. Qxd4+ {[%emt 0:00:01]} Kh7 {[%emt 0:02:11]} 38. Nh3 {[%emt 0:00:25]} Qh6 {[%emt 0:00:08]} 39. b5 {[%emt 0:01:12]} Re4 {[%emt 0:00:01]} 40. Qc3 {[%emt 0:00:00]} Be6 {[%emt 0:00:00]} 1/2-1/2

[Event "28th CRO-chT 1B-Men 2019"]
[Site "Mali Losinj"]
[Date "2019.10.06"]
[Round "9.29"]
[White "Franic, Milan"]
[Black "Rade, Miroslav"]
[Result "1/2-1/2"]
[WhiteElo "2366"]
[BlackElo "2390"]
[Annotator "ChessBase"]
[PlyCount "46"]
[EventDate "2019.09.28"]
[EventType "team-tourn"]
[EventCountry "CRO"]
[SourceTitle "playchess.com"]
[Source "ChessBase"]
[SourceQuality "1"]
[TimeControl "40/5400+30:1800+30"]

1. d4 {[%emt 0:03:30]} Nf6 {[%emt 0:00:30]} 2. c4 {[%emt 0:00:30]} g6 {[%emt 0:00:00]} 3. Nc3 {[%emt 0:00:30]} d5 {[%emt 0:00:00]} 4. Nf3 {[%emt 0:00:30]} Bg7 {[%emt 0:00:00]} 5. cxd5 {[%emt 0:00:30]} Nxd5 {[%emt 0:00:00]} 6. e4 {[%emt 0:00:30]} Nxc3 {[%emt 0:00:30]} 7. bxc3 {[%emt 0:00:00]} c5 {[%emt 0:00:00]} 8. Bb5+ {[%emt 0:00:00]} Nc6 {[%emt 0:00:00]} 9. O-O {[%emt 0:00:30]} O-O {[%emt 0:00:30]} 10. Be3 {[%emt 0:00:00]} Bg4 {[%emt 0:00:00]} 11. Bxc6 {[%emt 0:01:00]} bxc6 {[%emt 0:00:00]} 12. Rc1 {[%emt 0:00:30]} Qa5 {[%emt 0:04:30]} 13. Qe2 {[%emt 0:02:30]} Rfd8 {[%emt 0:00:30]} 14. Rfd1 {[%emt 0:00:30]} Bxf3 {[%emt 0:00:30]} 15. gxf3 {[%emt 0:00:30]} cxd4 {[%emt 0:00:30]} 16. cxd4 {[%emt 0:00:00]} Bxd4 {[%emt 0:00:30]} 17. Bxd4 {[%emt 0:05:00]} Rxd4 {[%emt 0:02:30]} 18. Rxc6 {[%emt 0:04:30]} Rxd1+ {[%emt 0:07:30]} 19. Qxd1 {[%emt 0:00:30]} Rd8 {[%emt 0:00:30]} 20. Qa1 {[%emt 0:07:30]} Qg5+ {[%emt 0:08:30]} 21. Kh1 {[%emt 0:00:00]} Qb5 {[%emt 0:00:30]} 22. Rc2 {[%emt 0:08:00]} f6 {[%emt 0:07:30]} 23. Qc1 {[%emt 0:01:30]} Kf7 {[%emt 0:20:30]} 1/2-1/2

[Event "28th CRO-chT 1B-Men 2019"]
[Site "Mali Losinj"]
[Date "2019.10.06"]
[Round "9.30"]
[White "Polok, Kacper"]
[Black "Ciganovic, Nikola"]
[Result "1-0"]
[WhiteElo "2301"]
[BlackElo "2219"]
[Annotator "TA"]
[PlyCount "47"]
[EventDate "2019.09.28"]
[EventType "team-tourn"]
[EventCountry "CRO"]
[SourceTitle "playchess.com"]
[Source "ChessBase"]
[SourceQuality "1"]

{[%evp 19,47,16,20,21,32,22,20,33,39,55,50,56,147,100,93,108,173,182,178,174,156,163,680,728,718,706,769,712,1207,1106]} 1. e4 e5 2. Nf3 Nc6 3. Bc4 Nf6 4. d4 exd4 5. O-O Bc5 6. e5 d5 7. exf6 dxc4 8. fxg7 Rg8 9. Re1+ Be6 10. Bg5 Be7 11. Bxe7 {C56: Two Knights: 4 d4 exd4 5 0-0 Nxe4} Qxe7 (11... Kxe7 12. Re4 d3 13. Na3 Qd5 14. Rxc4 Rxg7 15. Qxd3 Qxd3 16. cxd3 Bxc4 17. Nxc4 Rd8 18. Re1+ Kf8 19. Re3 f6 {0-1 (40) Jones,G (2556)-Bruzon Batista,L (2641) ICC INT 2010}) 12. Nxd4 Rd8 13. c3 {Black must now prevent Qa4.The position is equal.} Nxd4 14. cxd4 Rxg7 15. Nc3 {[%cal Bb1c3,Bc3e4,Be4f6,Bf6d5,Bd5e3,Be3f5][%mdl 32]} Qg5 (15... Kf8 $14) 16. Qf3 {And now d5 would win.} c6 17. Ne4 Qh4 $146 {[#]} (17... Qe7 $16) ({Predecessor:} 17... Qe7 18. Rad1 Kf8 {1-0 (41) Neumann,G-Winawer,S Paris 1867}) 18. d5 $1 $36 {[%cal Rd5e6][%mdl 2560] White is in control.} cxd5 19. Nf6+ Ke7 20. Nxd5+ $1 Kf8 $2 (20... Kd7 21. Nf4 Kc8) 21. Rxe6 {White is clearly winning.} Qg5 22. Ne3 Kg8 23. Re4 b5 24. Nf5 1-0